| 000 | 00369 a2200169 4500 | ||
|---|---|---|---|
| 003 | Nust | ||
| 005 | 20230123124500.0 | ||
| 020 | _a9780593072493 | ||
| 040 | _cNust | ||
| 082 | _a813.54,BRO | ||
| 100 |
_aBrown, Dan _99885 |
||
| 245 |
_aInferno / _cDan Brown |
||
| 260 |
_aBantam Press _bLondon _c2013 |
||
| 300 | _a461 p | ||
| 650 |
_aNovel _92525 |
||
| 942 |
_2ddc _cBK |
||
| 999 |
_c211235 _d211235 |
||